Do you know the missing lyrics to these broadway songs? - Statistics

General Stats
  • This quiz has been taken 498 times
  • The average score is 8 of 15
Answer Stats
Hint Answer % Correct
i think ill find defying gravity
96%
i dreamed a dream
94%
mama I'm a big girl now
85%
do you hear the people sing
83%
good morning baltimore
79%
on my own
75%
master of the house
61%
she's in love
53%
summer nights
52%
and yet with you my world has started
39%
lovely ladies
30%
i don't need anything but you
28%
won't u please come get your baby maybe
26%
stranded at the drive in
22%
now look at me and this opportunity
8%
No matching quizzes found
Score Distribution
Percent of People with Each Score
Percentile by Number Answered
Your Score History
You have not taken this quiz